000 00610nam a2200193Ia 4500
005 20250508163712.0
008 008 250505s9999 xx 000 0 eng d
037 _aTextual
040 _aFEDL
_beng
_cFEDL
041 _aeng
_2eng
084 _a370.15, SHA
_qFEDL
100 _aSharma Tribhuvan Kant
_9771672
245 0 _aEffect of school background on creativity, anxiety and self-perception : A factorial study
260 _aDelhi, India
_bShri Hari Publication
_c1997
300 _a122p.
650 _aEducation - Psychology
942 _cTEXL
_h370.15, SHA
999 _c1384790
_d1384790